2010 NFL Draft Quiz - Statistics

General Stats
  • This quiz has been taken 45 times
  • The average score is 18 of 34
Answer Stats
Round Team Position Answer Hint % Correct
Top-10 2 Lions DT Ndumukong Suh Won his first Super Bowl in 2021 with the Buccaneers
92%
Top-10 5 Chiefs S Eric Berry Recovered from cancer to win the 2015 Comeback Player of the Year Award
89%
Notable Selections 1 Seahawks S Earl Thomas Key cog in Seattle's "Legion of Boom" defense
84%
Notable Selections 1 Broncos WR Demaryius Thomas Pro-Bowler and All-Pro who was one of Peyton Manning's favorite targets in Denver
82%
Top-10 1 Rams QB Sam Bradford Led the NFL in completion percentage for the 2016 season
82%
Top-10 4 Redskins OT Trent Williams Became the highest-paid OT ever in 2021
82%
Notable Selections 6 Steelers WR Antonio Brown Superstar wideout with a lot of off-field issues, recorded at least 100 receptions and 1,200 yards for six straight seasons
76%
Notable Selections 1 Cowboys WR Dez Bryant Made an important catch in the 2014 Divisional Round, which was controversially overturned
74%
Notable Selections 2 Patriots TE Rob Gronkowski Tom Brady's favorite target throughout much of the 2010s
68%
Notable Selections 1 Patriots S Devin McCourty 3-time Super Bowl champ with New England, has a twin named Jason
61%
Notable Selections 3 Steelers WR Emmanuel Sanders Former member of Pittsburgh's "Young Money" receiving corps who later starred in Denver
61%
Notable Selections 1 Steelers C Maurkice Pouncey Member of the NFL's 2010s All-Decade Team
61%
Notable Selections 1 Broncos QB Tim Tebow After flaming out of the NFL, he played in the Mets minor league system
61%
Notable Selections 4 Patriots TE Aaron Hernandez Best known for committing murders off the field
58%
Notable Selections 1 Giants LB Jason Pierre-Paul Lost part of his right hand after detonating a firework in it
58%
Top-10 7 Browns CB Joe Haden In a classic Browns bungle, he was released in 2017 and signed with the Steelers
58%
Notable Selections 5 Seahawks S Kam Chancellor Another key cog in the "Legion of Boom," he retired after a series of significant injuries
58%
Notable Selections 3 Saints TE Jimmy Graham Led the NFL in receiving TDs in 2013, traded for C Max Unger in 2015
55%
Top-10 3 Buccaneers DT Gerald McCoy Made 6 straight Pro Bowls from 2012-2017
53%
Notable Selections 4 Bengaals DT Geno Atkins 2010s All-Decade Teamer who made 8 Pro-Bowls and 4 All-Pro teams
50%
Notable Selections UDFA Giants WR Victor Cruz Briefly a superstar before injuries cost him his career
47%
Notable Selections UDFA Titans RB LeGarrette Blount Led the NFL in rushing TDs in 2016, won three rings between New England and Philadelphia
42%
Top-10 9 Bills RB CJ Spiller Failed to live up to the hype, he became Clemson's RB coach in 2021
39%
Notable Selections 3 49ers LB NaVorro Bowman Made 4 All-Pro teams in his 8 year career
37%
Notable Selections 2 Cowboys LB Sean Lee Pro-Bowl caliber player who consistently struggled to stay healthy
37%
Notable Selections 2 Bengals DE Carlos Dunlap Longtime Bengals starter who was traded to the Seahawks in 2020
34%
Top-10 10 Jaguars DT Tyson Alualu Hawaiian who signed with the Steelers in 2021 after initially accepting another contract offer
32%
Notable Selections UDFA Eagles OT Alejandro Villanueva An army captain who later made multiple Pro-Bowls as a Steeler
26%
Notable Selections 3 Broncos WR Eric Decker Super Bowl champion, logged 1,000 yards in 3 different seasons
26%
Notable Selections 4 Vikings DE Everson Griffen Four-time Pro Bowl selection with over 80.0 career sacks
26%
Notable Selections 1 49ers OG Mike Iupati American-Samoan who was a 2012 First-Team All Pro
26%
Top-10 6 Seahawks OT Russell Okung Two time Pro-Bowler who won Super Bowl XLVIII with Seattle
24%
Top-10 8 Raiders LB Rolando McClain Released in 2012 due to off-field issues, last played for Dallas in 2015
21%
Notable Selections 7 Lions WR Tim Toone Mr. Irrelevant
5%
No matching quizzes found
Score Distribution
Percent of People with Each Score
Percentile by Number Answered
Your Score History
You have not taken this quiz